[Event "ROM-ch U12"]
[Site "Calimanesti"]
[Date "2015.03.31"]
[Round "2"]
[White "Sarbu, Zeno Iulius"]
[Black "Anghelescu, Claudiu Gabriel"]
[Result "1-0"]
[WhiteElo "1373"]
[BlackElo "1087"]
[PlyCount "33"]
[EventDate "2015.03.30"]
[EventType "swiss"]
[EventRounds "9"]
[EventCountry "ROU"]
[SourceTitle "CBM 165 Extra"]
[Source "ChessBase"]
[SourceDate "2015.04.21"]
[SourceVersion "1"]
[SourceVersionDate "2015.04.21"]
[SourceQuality "1"]

1. e4 e5 2. Nf3 Nc6 3. Bc4 Bc5 4. d3 d6 5. Bb3 Bg4 6. h3 Bh5 7. c3 Nf6 8. 0-0 0-0 9. Nbd2 h6 10. Re1 Qd7 11. Nf1 g5 12. Ng3 Kh7 13. Nxh5 Nxh5 14. Nxg5+ Kh8 15. Qxh5 f6 16. Qxh6+ Qh7 17. Qxh7# 1-0

[Event "ROM-ch U12"]
[Site "Calimanesti"]
[Date "2015.03.30"]
[Round "1"]
[White "Anghelescu, Claudiu Gabriel"]
[Black "Berechet, Stefan Mario"]
[Result "0-1"]
[WhiteElo "1087"]
[BlackElo "1553"]
[PlyCount "60"]
[EventDate "2015.03.30"]
[EventType "swiss"]
[EventRounds "9"]
[EventCountry "ROU"]
[SourceTitle "CBM 165 Extra"]
[Source "ChessBase"]
[SourceDate "2015.04.21"]
[SourceVersion "1"]
[SourceVersionDate "2015.04.21"]
[SourceQuality "1"]

1. d4 d5 2. Nf3 e6 3. e3 Nf6 4. Bd3 c5 5. c3 Nc6 6. Nbd2 Be7 7. Qe2 0-0 8. e4 dxe4 9. Nxe4 cxd4 10. Nxf6+ Bxf6 11. Qe4 g6 12. Qf4 e5 13. Qh6 Bg7 14. Qd2 dxc3 15. Qe3 Nb4 16. Be4 f5 17. Qxc3 fxe4 18. Qc4+ Qd5 19. Qxd5+ Nxd5 20. Nd2 Nf4 21. 0-0 Nd3 22. Nxe4 Bf5 23. Nd6 b6 24. Be3 Nxb2 25. Rac1 e4 26. Rfe1 Nd3 27. Rc7 Nxe1 28. Nb5 Rf7 29. Rc6 Nd3 30. h3 Rd7 0-1

[Event "ROM-ch U10"]
[Site "Calimanesti"]
[Date "2014.04.08"]
[Round "3"]
[White "Ionescu, Luca"]
[Black "Anghelescu, Claudiu Gabriel"]
[Result "0-1"]
[WhiteElo "1001"]
[BlackElo "1001"]
[PlyCount "50"]
[EventDate "2014.04.06"]
[EventType "swiss"]
[EventRounds "9"]
[EventCountry "ROU"]
[SourceTitle "CBM 160 Extra"]
[Source "ChessBase"]
[SourceDate "2014.07.01"]
[SourceVersion "1"]
[SourceVersionDate "2014.07.01"]
[SourceQuality "1"]

1. e4 e5 2. Nf3 Nc6 3. Nc3 Nf6 4. d4 exd4 5. Nxd4 Nxe4 6. Nxe4 d5 7. Nxc6 bxc6 8. Nc3 Bc5 9. Na4 Bb6 10. Nxb6 cxb6 11. b3 Qf6 12. Rb1 0-0 13. Bb2 Re8+ 14. Kd2 Qg5+ 15. Kd3 Bf5+ 16. Kc3 d4+ 17. Kxd4 Rad8+ 18. Kc3 Rxd1 19. Rxd1 Qf6+ 20. Kd2 Qxb2 21. Re1 Rxe1 22. Kxe1 Bxc2 23. a4 Qc3+ 24. Ke2 Qd3+ 25. Ke1 Qd1# 0-1